KOHA-Header-6

CMOS VLSI Design (A circuits and Systems Perspective) (Record no. 280)

000 -LEADER
fixed length control field 00347nam a2200121Ia 4500
008 - FIXED-LENGTH DATA ELEMENTS--GENERAL INFORMATION
fixed length control field 190722s9999 xx 000 0 und d
020 ## - INTERNATIONAL STANDARD BOOK NUMBER
International Standard Book Number 978-93-325-4288-4
100 ## - MAIN ENTRY--PERSONAL NAME
Personal name Weste, Harris
245 #0 - TITLE STATEMENT
Title CMOS VLSI Design (A circuits and Systems Perspective)
260 ## - PUBLICATION, DISTRIBUTION, ETC. (IMPRINT)
Place of publication, distribution, etc New Delhi
Name of publisher, distributor, etc Pearson (Indian Education) Pvt. Ltd.
Date of publication, distribution, etc 2016
300 ## - PHYSICAL DESCRIPTION
Extent 838
942 ## - ADDED ENTRY ELEMENTS (KOHA)
Koha item type Books
Holdings
Withdrawn status Lost status Damaged status Not for loan Collection code Permanent Location Current Location Shelving location Date acquired Full call number Barcode Date last seen Price effective from Koha item type
        Electrical Engineering MAJU MAJU Shelf No.A34 2019-07-22 621.395 6906 2019-07-22 2019-07-22 Electrical Engineering

Powered by Koha